Entre rocas : (Record no. 152053)

MARC details
000 -LEADER
campo de control de longitud fija 01005nam a2200217 i 4500
001 - NÚMERO DE CONTROL
campo de control 152053
003 - IDENTIFICADOR DE NÚMERO DE CONTROL
campo de control ES-MaACL
005 - FECHA Y HORA DE LA ÚLTIMA TRANSACCIÓN
campo de control 20230908185404.0
008 - DATOS DE LONGITUD FIJA--INFORMACIÓN GENERAL
campo de control de longitud fija 931025s1900 sp |||| | spa d
080 ## - NÚMERO DE LA CLASIFICACIÓN DECIMAL UNIVERSAL
Número de la Clasificación Decimal Universal 821.134.2-2"18"
100 1# - ENTRADA PRINCIPAL--NOMBRE DE PERSONA
Nombre de persona Beruete, Aureliano de,
Fechas asociadas al nombre 1845-1912
9 (RLIN) 149341
245 10 - MENCIÓN DEL TÍTULO
Título Entre rocas :
Resto del título drama en tres actos y en prosa /
Mención de responsabilidad, etc. original de Aureliano Beruete y Moret.
260 ## - PUBLICACIÓN, DISTRIBUCIÓN, ETC.
Lugar de publicación, distribución, etc. Madrid :
Nombre del editor, distribuidor, etc. [s.n.],
Fecha de publicación, distribución, etc. 1900 (
Fabricante R. Velasco, imp.)
300 ## - DESCRIPCIÓN FÍSICA
Extensión 50 p. ;
Dimensiones 20 cm.
530 ## - NOTA DISPONIBLE DE FORMULARIO FÍSICO ADICIONAL
Nota de formato físico adicional disponible Disponible en formato digital.
594 ## - Nota al título y mención de responsabilidad
Nota al título y mención de responsabilidad En cub., precede al tít.: Sociedad de Autores Españoles.
710 2# - ENTRADA AGREGADA--NOMBRE DE ENTIDAD CORPORATIVA
Nombre de entidad corporativa o nombre de jurisdicción como elemento de entrada Sociedad de Autores Españoles.
9 (RLIN) 171890
852 4# - LOCALIZACIÓN
Ubicación ES-MaACL
Número de control de estantería F-8634(4)
Nota libre - Enc. pasta española, conservando la enc. original
-- - Enc. en un vol. facticio formando parte de la col. facticia "Teatro español moderno", v. 89
-- - Dedicatoria autógrafa del autor
856 4# - LOCALIZACIÓN Y ACCESO ELECTRÓNICOS
Identificador Uniforme de Recursos <a href="http://www.archive.org/details/entrerocasdramae00beru ">http://www.archive.org/details/entrerocasdramae00beru </a>
Nota pública Internet Archive
Holdings
Estatus retirado Estado de pérdida Fuente del sistema de clasificación o colocación Estado de daño No para préstamo Colección Biblioteca de origen Biblioteca actual Ubicación en estantería Fecha de adquisición Total de préstamos Signatura topográfica completa Código de barras Visto por última vez Precio de reemplazo Tipo de ítem Koha Nota pública
    Clasificación decimal universal     Libros con dedicatorias Biblioteca del Ateneo de Madrid Biblioteca del Ateneo de Madrid Sala Pecera Planta 2 17/01/2008   F-8634(4) 1158716 23/02/2023 23/02/2023 Libro impreso antiguo Dedicatoria autógrafa del autor